00998nam a2200217Ia 4500001019500000002005100195008003700246010001100283530002200294650002400316650006100340650006700401650003500468650005000503650004600553700005400599700004300653700004600696942001900742999001900761IA_To analyze the possible factors that may be involved in implementing the outcome of two experiences are compared in different companies with the same methodology and other certification body.IMPLEMENTACION DE PLIEGO DE CONDICIONES PARA EL US220117s xx 000 0 und d a186342 aDisponible en PDF aFood safety9148470 aHorticultural products industryxCertification 9161925 aIndustria de productos hortícolasxCertificación 9161926 aInocuidad alimentaria 958836 aTomatexCertificación de producto 9161927 aTomatoesxProduct certification 9161928 a1. Velázquez Castillo, Alejandra, dir. 9163778 aMorales Santos, Tayde, asesor 9163673 aRivera Salvador, Víctor, asesor9163770 cTESIS A46 2016 c186342d186342